Dráma slobody a pravdy

Podrobná bibliografia
Hlavný autor: Šimko, Ivan, 1955- (Autor)
Médium: Článok
Jazyk:slovenčina
Fyzický popis:Obr. 1
Predmet:

MARC

LEADER 00000nab a2200000 a 4500
001 vtls000602966
003 SK-MaSNL
005 20260305042539.0
008 160401c1996 xo 0 slo
015 |a SNBRB19rr/mm-uuuuu 
035 |a CL0603105 
040 |a SNKBUCL  |b slo  |c SNKBUCL  |e AACR2 
041 0 |a slo 
044 |a xo  |c SK 
080 |a 123.1:111.83:26/28  |2 1981 
080 |a 111.83  |2 1981 
080 |a 26/28  |2 1981 
080 |a 261  |2 1981 
100 1 |a Šimko, Ivan,  |d 1955-  |4 aut  |9 248302 
245 1 0 |a Dráma slobody a pravdy  |c Ivan Šimko 
300 |b Obr. 1 
650 0 7 |a sloboda  |2 snkbucl  |9 2170 
650 0 7 |a pravda  |2 snkbucl  |9 14244 
650 0 7 |a cirkev  |2 snkbucl  |9 1922 
655 7 |a články z novín a časopisov  |2 snkbucl  |9 267496 
773 0 |t Listy  |g Roč. 9, č. 2 (1996), s. 6 
850 |a Slovenská národná knižnica v Martine  |a MTA001 
852 |a SNK  |b KIS3GCP 
958 |a SK 
958 |a RK 
958 |a RBX 
999 |c 3349790  |d 3351720